logo

Bir Sreshtho Munshi Abdur Rouf Library
Jhenaidah Cadet College

I hate my sister Maggie / (Record no. 3981)

MARC details
000 -LEADER
fixed length control field 00902pam a2200277 a 4500
001 - CONTROL NUMBER
JCCL Control Number 3981
003 - CONTROL NUMBER IDENTIFIER
JCCL marc code BD-JhCC
005 - DATE AND TIME OF LATEST TRANSACTION
control field 20171120165702.0
008 - FIXED-LENGTH DATA ELEMENTS--GENERAL INFORMATION
fixed length control field 880628s1989 nyua j 000 1 eng
020 ## - INTERNATIONAL STANDARD BOOK NUMBER
International Standard Book Number 0027331504
035 ## - SYSTEM CONTROL NUMBER
system control number (BD-JhCC)3981
040 ## - CATALOGING SOURCE
Original cataloging agency DLC
Transcribing agency DLC
Modifying agency DLC
-- BD-JhCC
041 ## - LANGUAGE CODE
Language code of Book eng
050 00 - LIBRARY OF CONGRESS CALL NUMBER
Classification number PZ7.D7824
Item number Iae 1989
082 00 - DEWEY DECIMAL CLASSIFICATION NUMBER
Classification number 823.914
DDC Edition number 19
Author mark and Year DRA 1989
100 1# - MAIN ENTRY--PERSONAL NAME
Personal name Dragonwagon, Crescent.
245 10 - TITLE STATEMENT
Title I hate my sister Maggie /
Statement of responsibility, etc Crescent Dragonwagon ; illustrated by Leslie Morrill.
250 ## - EDITION STATEMENT
Edition statement 1st ed.
260 ## - PUBLICATION, DISTRIBUTION, ETC. (IMPRINT)
Place of publication, distribution, etc New York :
Name of publisher, distributor, etc Macmillan,
Date of publication, distribution, etc c1989.
300 ## - PHYSICAL DESCRIPTION
Pagination [32] p. :
Other physical details ill. ;
Dimensions 24 cm.
520 ## - SUMMARY, ETC.
Summary, etc Harry is fed up with his brat of a younger sister, until his mother tells him a secret that puts things in a totally different perspective.
650 #1 - SUBJECT ADDED ENTRY--TOPICAL TERM
Topical term or geographic name as entry element Brothers and sisters
General subdivision Fiction.
700 1# - ADDED ENTRY--PERSONAL NAME
Personal name Morrill, Leslie H.,
942 ## - ADDED ENTRY ELEMENTS (KOHA)
Source of classification or shelving scheme Dewey Decimal Classification
Koha item type Books
Holdings
Source of classification or shelving scheme Damaged status Not for loan Home library Current library Shelving location Source of acquisition Total Checkouts Full call number Barcode Date last seen Copy number Koha item type
Dewey Decimal Classification     JCC Rouf Library JCC Rouf Library General Stacks The Asia Foundation   823.914 DRA 1989 5816 11/20/2017 C- 1 Books

JCC Library | Contacts | JCC Home

Last Update on 23 September 2017
Copyright @ 2017-2020 JCC Rouf Library
Rouf Library, Jhenidah Cadet College (JCC), Bangladesh